Loading...
| History - World | 0 | 2 | 0 | 0 | 20 | 38 | 64.00 | 1 | 2 | 9.39 | 16.08 |
| History - European | 0 | 2 | 1 | 2 | 15 | 92 | 112.50 | 0 | 0 | 1.75 | 2.21 |
| Current Events | 0 | 1 | 0 | 0 | 10 | 50 | 50.00 | 0 | 1 | 20.41 | 25.64 |
| Fine Arts - Other | 0 | 1 | 0 | 0 | 10 | 138 | 138.00 | 0 | 0 | 0.00 | 4.20 |
| Philosophy | 0 | 1 | 0 | 0 | 10 | 82 | 82.00 | 0 | 0 | 2.61 | 2.80 |
| Religion | 0 | 1 | 0 | 0 | 10 | 107 | 107.00 | 0 | 0 | 0.92 | 1.52 |
| Science - Biology | 0 | 1 | 0 | 0 | 10 | 92 | 92.00 | 0 | 0 | 1.20 | 3.79 |
| Literature - British | 0 | 1 | 0 | 0 | 10 | 72 | 72.00 | 0 | 0 | 3.85 | 5.59 |
| Fine Arts - Painting and Sculpture | 0 | 0 | 0 | 0 | 0 | 0.00 | 0 | 0 | 0.00 | 0.00 | |
| Literature - American | 0 | 0 | 1 | 0 | -5 | 0.00 | 0 | 0 | 0.00 | 0.00 | |
| Popular Culture | 0 | 0 | 1 | 0 | -5 | 0.00 | 0 | 0 | 0.00 | 0.00 |